Literary Work By Ridiculously Short Summary Quiz Stats

 Plays Quiz not verified by Sporcle

Challenge
Share
Tweet
Embed
Score 0/15 Timer 05:00
0 Plays Today
Summary Work % Correct
Some pigs lead a revolt against people, act like jerks, and play poker. The end.Animal Farm
94.3%
An old man catches a fish that's too big for his boat. The fish gets eaten by sharks. Then he goes home and dies.The Old Man and the Sea
86.1%
Organization: 'Because you have committed adultery, you must wear an A.' (They snub main character. They call her names) Character 2: 'I can't take it anymore. I did it.'The Scarlet Letter
85.6%
Main character: 'Our farm has been taken away. Let's go to California.' (They do. On the way, there are calamities, and people die, because this is the Great Depression)The Grapes of Wrath
78.3%
Main character: 'I burn books.' Character 2: 'Read one.' Main: 'OK.' Character 3: 'It's illegal to read books.' Main: 'Oh.'Fahrenheit 451
72.7%
Main character: 'Angst angst angst swear curse swear crazy crazy angst swear curse, society sucks, and I'm a stupid jerk.'The Catcher in the Rye
69.5%
Character 1: 'I destroy my patients psychologically so I can have power and control.' Character 2: 'But freedom and happiness are good things.' Character 1: 'Lobotomy time for you!One Flew Over the Cuckoo's Nest
55.8%
Main character: 'Holy crap, I'm a vermin thingie!' (He dies...eventually)The Metamorphosis
55.3%
Summary Work % Correct
Martians: 'Let's kill people and drink their blood.' (They do. They die.)The War of the Worlds
50.1%
Magician: 'Help me strand my enemies on my magic island.' (He does) 'That's enough. Enemies, I forgive you all, and one of you can marry my daughter. I'm going home.'The Tempest
47.1%
Some woman puts the author through Hell.Inferno
45.1%
Title character: 'I'm creepy and old. Listen to me.' Character 2: 'I'm late, but I'll listen.' Title character: 'I killed an albatross. Then everyone died.'The Rime of the Ancient Mariner
38.2%
Author: 'History controls everything we do, so there is no point in observing individual actions. Let's examine the individual actions of over 500 characters at great length.'War and Peace
34.8%
Character 1: 'Chivalry demands that I destroy that evil thing.' Character 2: 'No, master. It is something ordinary and harmless.' (falls down)Don Quixote
31.8%
Main character: 'I have a child. Yay. I have a second child. Boo. Just for that, I'll have another. I'm sorry; to make up for it, I'll have two more.' (She dies and her body rots. As I Lay Dying
7.1%

You're not logged in!

Compare scores with friends on all Sporcle quizzes.
OR
Log In

You Might Also Like...

Show Comments

Extras

Top Quizzes Today


Score Distribution

Your Account Isn't Verified!

In order to create a playlist on Sporcle, you need to verify the email address you used during registration. Go to your Sporcle Settings to finish the process.

Report this User

Report this user for behavior that violates our Community Guidelines.

Details: